| Tag |
First Indicator |
Second Indicator |
Subfields |
| LEADER |
00000cas a2200000 a 4500 |
| 001 |
in00000832513 |
| 005 |
20151018125648.0 |
| 008 |
820920c19uu9999dcuar s f0uuua0eng d |
| 010 |
|
|
|a gp 82026722
|
| 035 |
|
|
|a (OCoLC)08815704
|
| 035 |
|
|
|9 ADY1517AM
|
| 037 |
|
|
|b National Technical Information Service, Springfield, Va. 22151
|
| 040 |
|
|
|a GPO
|c GPO
|d MvI-ran
|d UtOrBLW
|
| 043 |
|
|
|a n-us---
|
| 074 |
|
|
|a 982-I-16 (microfiche)
|
| 086 |
0 |
|
|a TD 1.109/16:
|
| 245 |
0 |
0 |
|a Briefs of fatal accidents involving fixed-wing multi-engine aircraft /
|c National Transportation Safety Board.
|
| 264 |
|
1 |
|a Washington, D.C. :
|b The Board ;
|a [Springfield, Va.] :
|b [Available to the public through the National Technical Information Service]
|
| 300 |
|
|
|a volumes ;
|c 28 cm.
|
| 310 |
|
|
|a Annual
|
| 336 |
|
|
|a text
|b txt
|2 rdacontent
|
| 337 |
|
|
|a unmediated
|b n
|2 rdamedia
|
| 338 |
|
|
|a volume
|b nc
|2 rdacarrier
|
| 500 |
|
|
|a Title from cover.
|
| 500 |
|
|
|a Description based on: 1979.
|
| 650 |
|
0 |
|a Aircraft accidents
|x Statistics
|x Periodicals.
|
| 650 |
|
0 |
|a Aeronautics
|z United States
|x Statistics
|x Periodicals.
|
| 710 |
1 |
|
|a United States.
|b National Transportation Safety Board.
|
| 999 |
|
|
|a MARS
|
| 999 |
f |
f |
|s 3069fea7-0bc9-35c3-aea0-2c32c5d9b6f3
|i 2f1c30f5-2258-3591-93d1-d199ec00b6ae
|t 0
|
| 952 |
f |
f |
|p normal
|a Texas A&M University
|b College Station
|c Sterling C. Evans Library
|d Evans: US Documents (Annex 5th floor)
|t 0
|e TD 1.109/16:
|h Superintendent of Documents classification
|i unmediated -- volume
|
| 998 |
f |
f |
|a TD 1.109/16:
|t 0
|l Evans: US Documents (Annex 5th floor)
|